coney island by taylor swift lyrics - Statistics

General Stats
  • This quiz has been taken 7 times
  • The average score is 376 of 391
Answer Stats
Hint Answer % Correct
a a
100%
a accident
100%
a achievement
100%
a again
100%
a am
100%
a an
100%
a and
100%
a anymore
100%
a arcade
100%
a around
100%
b baby
100%
b be
100%
b before
100%
b bench
100%
b Break
100%
b bright
100%
b but
100%
c can't
100%
c centerfold
100%
c close
100%
c colder
100%
c coney
100%
d delicate
100%
d did
100%
d do
100%
d down
100%
e edge
100%
e eyes
100%
f face
100%
f fast
100%
f fist
100%
f flashed
100%
f for
100%
f forgot
100%
g get
100%
g gets
100%
g go
100%
g goes
100%
g got
100%
h head
100%
h here
100%
i I
100%
i if
100%
i I'm
100%
i in
100%
i into
100%
i is
100%
i island
100%
i it
100%
l leave
100%
l left
100%
l lifetime
100%
l lights
100%
l lost
100%
m making
100%
m me
100%
m merry
100%
m my
100%
n name
100%
n no
100%
n not
100%
o of
100%
o on
100%
o over
100%
p place
100%
p podium
100%
p pounds
100%
q question
100%
r relate
100%
r related
100%
r right
100%
r ring
100%
s say
100%
s shatter
100%
s so
100%
s something
100%
s sorry
100%
s soul
100%
s sun
100%
s surprises
100%
t that
100%
t the
100%
t then
100%
t think
100%
t to
100%
t too
100%
t two
100%
u up
100%
w walked
100%
w was
100%
w when
100%
w where
100%
w who
100%
w winning
100%
w with
100%
w wondering
100%
y you
100%
y your
100%
y you're
100%
a away
83%
b big
83%
b birthday
83%
b bluest
83%
c cake
83%
c care
83%
c cause
83%
c coaxed
83%
d darkest
83%
d disappointments
83%
d dreams
83%
f forgive
83%
g grey
83%
h happy
83%
h haul
83%
h how'd
83%
i internet
83%
l like
83%
l long
83%
l looking
83%
m mall
83%
m miss
83%
o old
83%
o one
83%
p paint
83%
p paradise
83%
p polite
83%
p pushed
83%
s sight
83%
s sitting
83%
s skies
83%
s soon
83%
s suburban
83%
t there
83%
t this
83%
t times
83%
t trust
83%
u universe
83%
w we
83%
w were
83%
w what's
83%
w will
83%
w wise
83%
a at
67%
b by
67%
c clock
67%
d day
67%
e every
67%
g gold
67%
h hallway
67%
h hanging
67%
l line
67%
m mischief
67%
o our
67%
r rogue
67%
s single
67%
s spot
67%
s standing
67%
t tree
67%
w waiting
67%
g gift-wrapped
33%
No matching quizzes found
Score Distribution
Percent of People with Each Score
Percentile by Number Answered
Your Score History
You have not taken this quiz